00622nam a2200193Ia 4500008004100000050001300041050001500054100002500069245013400094245002500228260003100253260001000284260001000294300001500304300002000319300001100339500005600350521002200406170504s9999 xx 000 0 und d aLB 1050  b.C157 2016 aCalleja, Elly Mae M. 2aA case study on the use of educational audio book in enhancing the reading comprehension of young adults with visual impairment / cElly Mae M. Calleja. aLas Piñas, Philippines : bSISC, c2016. a74 pages : billustrations ; c28 cm. aIncludes bibliographical references and appendices. aSpecial Education